Tommy Boy Sales Pitch Quiz Stats

 Plays Quiz Updated Jul 14, 2014

Challenge
Share
Tweet
Embed
Score 0/173 Timer 08:00
0 Plays Today
% Correct
a
91.7%
a
91.7%
a
91.7%
a
91.7%
'I
88.5%
I
88.5%
I
88.5%
the
87.6%
the
87.6%
the
87.6%
the
87.6%
'the
87.6%
the
87.6%
the
87.6%
the
87.6%
the
87.6%
the
87.6%
you
82.7%
you
82.7%
you
82.7%
'Oh
78.9%
'Oh
78.9%
And
73.1%
And
73.1%
and
73.1%
and
73.1%
And
73.1%
And
73.1%
and
73.1%
And
73.1%
brake
72.8%
brake
72.8%
to
70.2%
to
70.2%
to
70.2%
go
68.7%
pads
67.1%
pads.'
67.1%
my
63.6%
my
63.6%
my
63.6%
my
63.6%
in
63.5%
in
63.5%
is
61.7%
is
61.7%
Do
60.2%
No,
59.6%
of
57.9%
of
57.9%
of
57.9%
me,
56.1%
are
55.9%
are
55.9%
that
55.2%
that
55.2%
your
54.4%
your
54.4%
% Correct
your
54.4%
What
53.6%
what
53.6%
out
53.3%
out.
53.3%
out!
53.3%
Whoah,
51.6%
God,
51.3%
God!'
51.3%
wanna
51.2%
say,
50.9%
say
50.9%
all
50.3%
All
50.3%
it.
49.3%
it
49.3%
(Client: Get
48.1%
when
47.5%
You're
46.8%
you're
46.8%
you're
46.8%
you're
46.8%
You're
46.8%
You're
46.8%
Now
46.2%
now,
46.2%
Now!)
46.2%
(Client: NOW!)
46.2%
driving
45.9%
driving
45.9%
driving
45.9%
driving
45.9%
driving
45.9%
not
44.9%
'Not
44.9%
road
43.8%
road,
43.8%
see
43.8%
new
43.6%
New
43.6%
guy's
43.5%
guy's
43.5%
can't
43.4%
can't
43.4%
was
43.3%
then
43.3%
let's
43.1%
let's
43.1%
our
42.1%
with
41.6%
with
41.6%
other
41.6%
sudden
40.8%
Here
40.4%
along
40.1%
along...
40.1%
along,
40.1%
along,
40.1%
% Correct
because
39.2%
trying
38.7%
his
38.6%
stop!
38.1%
bathroom,
37.7%
save
37.3%
brakes.
37.2%
middle
36.7%
gotta
36.6%
kids
36.4%
family...
36.1%
family
36.1%
puking
36%
close.
35.9%
we're
35.1%
gonna
35%
guts
34.5%
back
34.5%
happens
34.4%
Daddy!'
32.7%
there's
32.5%
There's
32.5%
comes
31.4%
couple
30.4%
hit
30.4%
meat-wagon.
29.8%
really
29.3%
from
29.2%
truck
28.8%
Truck
28.8%
tire
28.6%
tire!
28.6%
validate?
28.1%
corner,
27.9%
burning
26.6%
feel
25.5%
cool.
25.3%
seat.
25.1%
says:
24.1%
pennies...
23.7%
leg!'
23.5%
screaming:
23.4%
alive!
23%
associate
22.4%
dammit!'
22.3%
yelling
22.2%
cliff!
21.4%
Like,
20.9%
believe
20.9%
gets
18.4%
even
18.2%
medic
15.7%
doesn't-
15.3%
(Richard: Yes,
14.4%
extra
13.4%
sir.)
10.3%
suddenly
6.8%

You're not logged in!

Compare scores with friends on all Sporcle quizzes.
Join for Free
OR
Log In

You Might Also Like...

Show Comments

Extras

Top Quizzes Today


Score Distribution

Your Account Isn't Verified!

In order to create a playlist on Sporcle, you need to verify the email address you used during registration. Go to your Sporcle Settings to finish the process.

Report this User

Report this user for behavior that violates our Community Guidelines.

Details: